| 000 | 01459nam a2200277 i 4500 | ||
|---|---|---|---|
| 001 | 153589 | ||
| 003 | ES-MaACL | ||
| 005 | 20250816091140.0 | ||
| 008 | 031028s1769 fr f |||| | fre d | ||
| 100 | 1 |
_aDuhamel Du Monceau, Henri-Louis. _9146391 |
|
| 245 | 1 | 0 |
_aTraité général des pesches, et histoire des poissons qu'elles fournissent _b: tant pour la subsistance des hommes que pour plusieurs autres usages qui ont rapport aux arts et au commerce / _cpar M. Duhamel du Monceau ... et M. de la Marre. |
| 260 |
_aA Paris : _bchez Saillant & Nyon ... : _bchez Desaint ..., _c1769 ( _fde l'imprimerie de L.F. Delatour) |
||
| 300 |
_a5 v. ([2], 84, [2], 66, [2], 67-192, [2], 140 p., XXI, L, XV h. de grab.) ; _cFol. |
||
| 490 | 1 | _aDescriptions des arts et métiers faites ou approuvées par Messieurs de l'Académie Royale des Sciences | |
| 530 | _aDisponible en formato digital. | ||
| 596 | _aDatos de imp. constan en colofón de cada parte. | ||
| 597 | _aSign.: []2, A-X2, []1, A-Q2, R1, []1, S-3B2, []1, A-O2. | ||
| 597 | _aAntep. | ||
| 597 | _aPort. con grab. xil. | ||
| 599 | _aLas h. de grab. son calc. | ||
| 650 | 4 |
_aPesca. _9136688 |
|
| 830 | 0 | 0 |
_aDescriptions des arts et métiers _9241750 |
| 852 |
_aES-MaACL _jR-26-30 _z- Enc. pasta _z- Las 140 p.,correspondientes a la 3ª sección, enc en la 2ª parte _x Olim: C-10827-70 |
||
| 856 |
_uhttp://dx.doi.org/10.3931/e-rara-14948 _zBNF-Gallica |
||
| 999 |
_c153589 _d153589 |
||